[Event "12th Agzamov Memorial 2018"]
[Site "Tashkent"]
[Date "2018.04.28"]
[Round "7"]
[White "Sindarov, Javokhir"]
[Black "Khusenkhojaev, Mustafokhuja"]
[Result "1-0"]
[WhiteElo "2431"]
[BlackElo "2218"]
[Annotator "TA"]
[PlyCount "233"]
[EventDate "2018.??.??"]
[EventType "swiss"]
[EventCountry "UZB"]
[SourceTitle "playchess.com"]
[Source "ChessBase"]
[SourceQuality "1"]

{[%evp 24,233,0,0,4,0,22,0,0,0,0,0,11,0,5,-5,0,0,0,0,0,-22,0,-29,26,24,36,18,21,17,45,42,45,45,45,34,47,40,62,62,68,72,70,71,64,20,20,0,68,66,62,45,68,22,22,0,31,0,0,0,0,0,0,0,0,0,0,0,0,0,0,0,0,0,0,0,0,0,0,0,0,0,0,0,0,0,0,0,0,0,0,0,0,-1,-1,-1,0,0,0,0,0,0,0,0,8,0,0,0,7,0,0,0,0,0,0,0,0,0,0,0,0,0,8,0,0,0,0,0,0,0,0,0,0,0,235,0,335,539,570,622,737,599,595,599,599,599,599,16,245,245,245,245,599,591,599,599,599,599,599,595,584,0,584,0,584,495,595,259,259,0,595,595,595,588,1766,1495,3901,3170,1988,1665,29973,29974,29974,29971,29970,29970,29974,29971,29971,29972,29970,29971,1781,29965,12816,5783,29975,29976,5102,29977,29977,29977,29978,29979,29977,29978,29976,29979,29981,29982,29982,29983]} 1. e4 e5 2. Nf3 Nc6 3. d4 exd4 4. Nxd4 Nf6 5. Nxc6 bxc6 6. e5 Qe7 7. Qe2 Nd5 8. c4 Nb6 9. Nc3 Qe6 10. Qe4 d6 {C45: Scotch Game} 11. exd6 cxd6 12. Be3 Qxe4 13. Nxe4 {[#] LiveBook: 4 Games} Be6 $146 ({Predecessor:} 13... Bf5 14. Nc3 Be7 15. Be2 O-O 16. O-O Be6 17. b3 d5 18. cxd5 Nxd5 19. Nxd5 Bxd5 {½-½ (36) Rublevsky,S (2658)-Lautier,J (2663) Kallithea 2002}) 14. Rc1 d5 15. cxd5 Bb4+ 16. Bd2 Bxd2+ $1 17. Kxd2 Bxd5 18. Nc3 Be6 19. Re1 O-O 20. Kc1 Rfd8 21. g3 Rab8 22. Bg2 Nd5 23. Nxd5 Bxd5 (23... cxd5 $142 24. Re5 g6) 24. Bxd5 $11 Rxd5 {[%mdl 4096] Endgame KRR-KRR} 25. Re2 Kf8 26. Rhe1 Rd7 27. Re4 g6 28. Rc4 Rd6 29. b3 Re8 30. Rd1 Rxd1+ 31. Kxd1 $14 {KR-KR} Re6 32. Ra4 Re7 33. Kd2 Ke8 34. Rd4 Re5 35. Ra4 Re7 36. Kd3 Kd8 37. Rh4 h5 38. Rf4 f5 39. h4 Kd7 40. Rd4+ Kc7 $1 41. Kd2 Re5 42. Ra4 Kb6 43. Kd3 Kb7 44. Rc4 Kc7 45. Ra4 Kb7 46. Rb4+ Kc7 47. Rc4 Ra5 48. Rc2 Re5 49. Rc4 Ra5 50. a4 Re5 51. b4 Kd6 52. Rd4+ Kc7 53. Kd2 a6 54. Rc4 Kd6 55. f3 Kd7 56. Rc3 a5 57. Rd3+ Kc7 58. Kc3 axb4+ 59. Kxb4 Re1 60. a5 Rb1+ 61. Rb3 Rg1 62. f4 Rc1 63. Ra3 Kb7 64. Re3 {And now Re6 would win.} Rb1+ 65. Rb3 Rc1 66. Re3 Rb1+ 67. Kc5 Rb5+ 68. Kc4 Rxa5 69. Re6 Kb6 70. Rxg6 Ra4+ 71. Kb3 Re4 72. Rg5 c5 73. Rxh5 Kb5 74. Rg5 Re3+ 75. Kc2 Kc4 76. h5 Kd4 77. Kd1 {Strongly threatening h6.} c4 78. h6 {Hoping for h7.} Kd3 $2 (78... Rd3+ $11 79. Kc1 Rc3+ 80. Kd1 Rd3+ 81. Kc2 Rc3+ 82. Kd1 Rd3+) 79. Rg7 $2 (79. h7 c3 80. h8=Q c2+ 81. Kc1 Re1+ 82. Kb2 Rb1+ 83. Ka2 c1=Q 84. Qd8+ Ke2 85. Qe8+ Kf2 86. Qe3+ Kxe3 87. Rxf5 Qb2#) (79. Rxf5 $18 Rxg3 80. Rd5+ Ke4 81. Rh5 Rg1+ 82. Kc2 Rg2+ 83. Kc3) 79... Re8 $2 {[%mdl 8192]} (79... c3 $1 $11 {and Black is okay.} 80. Rd7+ Kc4) 80. Rd7+ $18 Kc3 81. h7 Ra8 82. Ra7 Rd8+ 83. Kc1 Re8 {[%cal Re8e1]} 84. Re7 $1 {[%cal Re7e8]} Ra8 {[%cal Ra8a1]} 85. Re3+ $2 (85. Kd1 $1 $18 {Threatens to win with Ra7.} Rf8 86. Re3+ Kd4 87. Re5) 85... Kd4 $2 {[#]} (85... Kb4 $1 $11) 86. Ra3 $3 {[%cal Ra3a8][%mdl 512]} Rh8 (86... Rxa3 87. h8=Q+) 87. Ra7 Kc3 $2 (87... Re8 {is tougher.} 88. Re7 Ra8) 88. Rc7 Ra8 {[%cal Ra8a1]} 89. Kd1 $1 Re8 90. Rf7 Rh8 91. Rg7 Kd3 92. Rf7 Kc3 $1 93. Rg7 Kd3 $1 94. Rd7+ Kc3 95. Rf7 (95. g4 $142 fxg4 96. f5) 95... Kd3 96. Rg7 $2 ({Inferior is} 96. Rxf5 Rxh7 97. Re5 Rg7 $11) ({White has to play} 96. Ra7 $1 $18) 96... Kc3 $2 {[%mdl 8192]} (96... Ra8 $1 $11 {and Black has nothing to worry.} 97. Rd7+ Kc3) 97. g4 fxg4 98. f5 {[%cal Bf4f5,Bf5f6][%mdl 32]} Kd3 {If only Black now had time for ...c3....} 99. f6 c3 100. Kc1 Ra8 {[#]} 101. Rd7+ $1 Ke4 {[#]} 102. Ra7 $3 {[%mdl 512]} Rh8 (102... Rxa7 103. h8=Q) 103. Rg7 Kd3 104. Rd7+ Ke4 105. Re7+ Kd3 106. f7 Ra8 107. Rd7+ Kc4 {[#]} 108. Ra7 $3 {[%mdl 512]} Rd8 (108... Rxa7 109. f8=Q) 109. Re7 (109. Ra4+ $142 Kb3 110. Ra6) 109... g3 110. Re8 g2 111. Rg8 Kb3 {White mates.} 112. Rxg2 Ra8 113. Kb1 Rd8 {[#]} 114. Rg1 $1 {[%cal Rg1h1]} Ra8 115. Rc1 (115. Rg8 {is a self mate.} c2+ 116. Kc1 Ra1+ 117. Kd2 c1=Q+ 118. Kd3 Qf1+ 119. Kd4 Qf6+ 120. Kd3 Rd1+ 121. Ke2 Qf1+ 122. Ke3 Re1+ 123. Kd4 Qc4#) 115... Rd8 116. Rf1 Rf8 {[#]} 117. h8=Q $1 {[%mdl 512] Precision: White = 52%, Black = 63%.} 1-0

[Event "12th Agzamov Memorial 2018"]
[Site "Tashkent"]
[Date "2018.04.28"]
[Round "7"]
[White "Vokhidov, Shamsiddin"]
[Black "Hamitevici, Vladimir"]
[Result "0-1"]
[WhiteElo "2414"]
[BlackElo "2508"]
[Annotator "TA"]
[PlyCount "80"]
[EventDate "2018.??.??"]
[EventType "swiss"]
[EventCountry "UZB"]
[SourceTitle "playchess.com"]
[Source "ChessBase"]
[SourceQuality "1"]

{[%evp 17,80,24,27,32,63,62,66,60,132,108,93,59,97,-29,-33,-38,-23,-171,-101,-101,-108,-102,-102,-110,-110,-101,-106,-98,-111,-104,-96,-104,-98,-102,-117,-155,-129,-229,-204,-223,-202,-599,-431,-431,-427,-417,-436,-408,-389,-364,-432,-424,-404,-381,-393,-631,-623,-498,-615,-597,-563,-587,-570,-550,-533]} 1. e4 c5 2. Nf3 d6 3. d4 cxd4 4. Nxd4 Nf6 5. Nc3 a6 6. Qf3 e6 7. g4 {B90: Sicilian Najdorf: Unusual White 6th moves, 6 Be3 Ng4 and 6 Be3 e5} Nc6 8. Nxc6 bxc6 9. g5 Nd7 {LiveBook: 10 Games} 10. Bf4 Qa5 $146 ({Predecessor:} 10... Be7 11. O-O-O Bxg5 12. Rg1 Ne5 13. Qe3 Bxf4 14. Qxf4 O-O {1-0 (40) Bauer,C (2679)-Sandipan,C (2628) Nancy 2012}) 11. O-O-O Rb8 12. Kb1 g6 (12... Qb4 $14 13. b3 e5) 13. b3 ({Avoid the trap} 13. Bxd6 $2 Bxd6 14. Nb5 Be5 $19) 13... Bg7 14. Rxd6 (14. Bd2 {with more complications.} Qc7 15. h4 c5 16. Bc1 Bb7 17. Qg3) 14... O-O {[#]} 15. Rxd7 ({But not} 15. Rxc6 $6 Rb4 $11) (15. Nd1 $1 $16) 15... Bxd7 $40 {[%mdl 128] Black attacks.} 16. Bxb8 Rxb8 17. Kb2 (17. Nd1 $1 $11 {and White has nothing to worry.}) 17... Qxg5 ({Black should play} 17... c5 $19 18. Qg3 Rd8) 18. Qg3 $17 {[#]} Qxg3 $1 19. hxg3 a5 {[%cal Ba6a5,Ba5a4][%mdl 32]} 20. f4 Bd4 21. e5 a4 {Strongly threatening ...a3+!} 22. a3 c5 23. Bc4 Bc6 24. Rd1 Kg7 25. Rd3 Bg2 26. b4 g5 27. b5 (27. fxg5 $17 {is a better defense.} Bxe5 28. b5) 27... h5 $19 28. fxg5 Bxe5 29. Rd7 $2 (29. Kc1) 29... Bc6 30. Rd3 Bxb5 31. Bxb5 c4 32. Rf3 Rxb5+ $1 33. Kc1 Bxc3 34. Rxc3 {[%mdl 4096] Endgame KR-KR} Rc5 35. Kd2 Kg6 36. Ke3 $2 (36. Re3 Kxg5 37. Kc3) 36... e5 {Black is clearly winning.} 37. Ke4 Kxg5 38. Rf3 f6 39. Rf5+ Kg6 40. Rf1 c3 {Precision: White = 48%, Black = 73%.} 0-1

[Event "12th Agzamov Memorial 2018"]
[Site "Tashkent"]
[Date "2018.04.28"]
[Round "7"]
[White "Fayzullaev, Akmal"]
[Black "Sabirov, Asilbek"]
[Result "1-0"]
[WhiteElo "2382"]
[BlackElo "2132"]
[Annotator "ChessBase"]
[PlyCount "99"]
[EventDate "2018.??.??"]
[EventType "swiss"]
[EventCountry "UZB"]
[SourceTitle "playchess.com"]
[Source "ChessBase"]
[SourceQuality "1"]
[TimeControl "5400+30"]

1. d4 {[%emt 0:09:24]} d5 {[%emt 0:00:13]} 2. c4 {[%emt 0:00:10]} c6 {[%emt 0:00:01]} 3. cxd5 {[%emt 0:01:22]} cxd5 {[%emt 0:00:07]} 4. Nc3 {[%emt 0:00:04]} Nf6 {[%emt 0:00:08]} 5. Bf4 {[%emt 0:00:10]} Nc6 {[%emt 0:00:15]} 6. e3 {[%emt 0:00:06]} a6 {[%emt 0:00:11]} 7. Rc1 {[%emt 0:00:11]} e6 {[%emt 0:03:02]} 8. Bd3 {[%emt 0:00:07]} Bd6 {[%emt 0:00:17]} 9. Bxd6 {[%emt 0:00:08]} Qxd6 {[%emt 0:00:02]} 10. f4 {[%emt 0:00:07]} Bd7 {[%emt 0:02:06]} 11. Nf3 {[%emt 0:00:21]} Ng4 {[%emt 0:00:24]} 12. Qe2 {[%emt 0:01:10]} f5 {[%emt 0:01:10]} 13. O-O {[%emt 0:01:41]} O-O {[%emt 0:00:31]} 14. h3 {[%emt 0:04:58]} Nf6 {[%emt 0:01:04]} 15. g4 {[%emt 0:01:03]} Ne4 {[%emt 0:10:50]} 16. Qg2 {[%emt 0:05:23]} Nxc3 {[%emt 0:01:58]} 17. Rxc3 {[%emt 0:00:11]} Ne7 {[%emt 0:04:30]} 18. Rfc1 {[%emt 0:05:44]} Rac8 {[%emt 0:03:38]} 19. gxf5 {[%emt 0:00:44]} exf5 {[%emt 0:04:04]} 20. Ne5 {[%emt 0:00:31]} Rxc3 {[%emt 0:00:42]} 21. Rxc3 {[%emt 0:00:06]} Rc8 {[%emt 0:00:43]} 22. Qc2 {[%emt 0:03:32]} Rxc3 {[%emt 0:04:45]} 23. Qxc3 {[%emt 0:00:48]} Ng6 {[%emt 0:08:15]} 24. Nf3 {[%emt 0:09:30]} Ne7 {[%emt 0:06:00]} 25. Kf2 {[%emt 0:02:01]} Nc6 {[%emt 0:00:54]} 26. a3 {[%emt 0:00:26]} h6 {[%emt 0:00:29]} 27. h4 {[%emt 0:01:44]} g6 {[%emt 0:00:41]} 28. Ke2 {[%emt 0:02:43]} Kg7 {[%emt 0:00:47]} 29. Kd2 {[%emt 0:00:05]} Kf8 {[%emt 0:10:54]} 30. Qc5 {[%emt 0:03:29]} Ke7 {[%emt 0:04:29]} 31. Bc2 {[%emt 0:06:01]} Be6 {[%emt 0:02:35]} 32. Kc3 {[%emt 0:04:11]} Bf7 {[%emt 0:05:54]} 33. b4 {[%emt 0:04:06]} Be8 {[%emt 0:01:49]} 34. Bb3 {[%emt 0:01:01]} Ke6 {[%emt 0:00:28]} 35. Ne1 {[%emt 0:06:02]} Ne7 {[%emt 0:02:12]} 36. Qa7 {[%emt 0:04:06]} Qc6+ {[%emt 0:03:08]} 37. Kd2 {[%emt 0:00:11]} Nc8 {[%emt 0:00:09]} 38. Qb8 {[%emt 0:02:15]} Nd6 {[%emt 0:00:28]} 39. Nd3 {[%emt 0:00:51]} b6 {[%emt 0:01:14]} 40. Ne5 {[%emt 0:02:00]} Ne4+ {[%emt 0:04:29]} 41. Ke2 {[%emt 0:03:24]} Qb5+ {[%emt 0:00:06]} 42. Ke1 {[%emt 0:00:18]} Ng3 {[%emt 0:02:11]} 43. Qc8+ {[%emt 0:04:15]} Ke7 {[%emt 0:00:40]} 44. Qc7+ {[%emt 0:01:09]} Ke6 {[%emt 0:03:53]} 45. Nc4 {[%emt 0:00:20]} Qc6 {[%emt 0:07:16]} 46. Qe5+ {[%emt 0:01:29]} Kd7 {[%emt 0:00:58]} 47. Qxd5+ {[%emt 0:00:41]} Kc7 {[%emt 0:01:18]} 48. Qe5+ {[%emt 0:00:17]} Kd8 {[%emt 0:00:20]} 49. d5 {[%emt 0:00:26]} Qc7 {[%emt 0:00:10]} 50. Qf6+ 1-0

[Event "12th Agzamov Memorial 2018"]
[Site "Tashkent"]
[Date "2018.04.28"]
[Round "7"]
[White "Khoroshev, Nikita"]
[Black "Dzhumaev, Marat"]
[Result "0-1"]
[WhiteElo "2340"]
[BlackElo "2451"]
[Annotator "TA"]
[PlyCount "122"]
[EventDate "2018.??.??"]
[EventType "swiss"]
[EventCountry "UZB"]
[SourceTitle "playchess.com"]
[Source "ChessBase"]
[SourceQuality "1"]

{[%evp 15,122,-6,-8,-7,-2,-27,-22,-73,-25,-34,-28,-43,-29,-25,-22,-25,-32,-31,-9,-11,-15,-29,-17,-19,-16,-20,-19,-31,-25,-18,0,0,-14,-20,-21,-24,-3,-44,-37,-102,-102,-97,-90,-90,-82,-92,-68,-82,-35,-79,-75,-82,-73,-127,-80,-105,-81,-102,-101,-101,-101,-141,-139,-127,-99,-224,-163,-251,-173,-166,-113,-263,-244,-351,-359,-354,-347,-321,-291,-312,-302,-318,-302,-376,-355,-304,0,0,0,-283,-279,-246,-254,-302,-235,-302,-272,-411,-339,-530,-530,-522,-505,-662,-703,-685,-665,-741,-739]} 1. d4 Nf6 2. Nc3 d5 3. Bg5 Nbd7 4. Qd3 e6 5. e4 dxe4 6. Nxe4 Be7 7. Nxf6+ Nxf6 8. Nf3 O-O {LiveBook: 13 Games. D01: Veresov Opening} 9. g3 (9. O-O-O b6 10. Ne5 Bb7 11. Qh3 Nd5 12. Bd2 Bg5 13. Bd3 g6 14. Qg3 Bxd2+ 15. Rxd2 Nb4 16. Bc4 {0-1 (35) Markos,J (2568)-Mchedlishvili,M (2604) Polanica Zdroj 2008}) 9... h6 $146 ({Predecessor:} 9... c5 10. Bg2 cxd4 11. O-O h6 12. Bd2 Bc5 13. Rfe1 a5 14. a3 a4 15. Bb4 b6 16. Rad1 {1-0 (74) Balin,J (2316)-Horak,J (2205) Kouty nad Desnou 2013}) 10. Bd2 c5 {Black has an edge.} 11. dxc5 (11. Bg2 $11) 11... Bxc5 {Hoping for ...Qb6.} 12. Be3 Qb6 13. Bxc5 Qxc5 14. c3 Bd7 15. Qd4 Qc7 16. Be2 e5 17. Nxe5 Rad8 18. O-O-O Bc6 19. Nxc6 Rxd4 20. Nxd4 Ne4 21. Rhf1 $1 Re8 {[%mdl 1024] Strongly threatening ...Nxc3! Black has compensation.} 22. Bd3 Nc5 23. Bc2 a6 {[%cal Ba7a6,Ba6a5,Ba5b4][%mdl 32]} 24. Rd2 b5 {[%cal Bb7b5,Bb5b4][%mdl 32]} 25. Rfd1 g6 26. h4 h5 27. Ne2 {[#]} ({White should play} 27. Kb1 $15) 27... b4 $1 $17 {[%mdl 512]} 28. Kb1 (28. cxb4 Ne4) 28... a5 29. cxb4 axb4 30. Nc1 Ra8 31. Nb3 Na4 32. Be4 Ra7 33. Rd4 Qb6 34. Rc1 ({White should try} 34. f4) 34... Re7 35. Bc6 {[#]} Qa6 $1 36. Rd2 Nb6 {aiming for ...Ra7.} 37. Nc5 Qa5 38. Be4 Ra7 39. b3 Re7 40. f4 (40. Bc6 $17) 40... Kg7 41. Nb7 (41. Rd4 {was necessary.}) 41... Qa6 42. Nd6 {[#]} Nd7 (42... Nc8 $1 $19 {[%cal Rc8d6]} 43. Rc6 (43. Rxc8 Rxe4 44. Nxe4 Qxc8 $17) 43... Qf1+ 44. Rc1 Qh3) 43. Bc6 (43. Rc7 $17 {only move.}) 43... Nf6 $19 44. Bb5 (44. f5 {keeps fighting.}) 44... Qa8 45. Bc6 Qa7 46. Nc4 Qa6 47. Ne5 Qb6 48. Bf3 Qe3 49. Re2 Qd4 50. Rec2 Qe3 $2 (50... Ne4 $19 51. Bxe4 (51. Nc6 $2 Nd2+ 52. Rxd2 Qxd2 $19) 51... Qxe4) 51. Re2 $1 $11 {[%cal Re2e3]} Qb6 52. Rd1 $2 {[%mdl 8192]} (52. Rd2 $1 $11 {and White has nothing to worry.}) 52... Rc7 $19 53. Nc4 Qc5 54. Re3 Qf5+ 55. Kb2 Qh3 56. Be2 (56. Rg1 $142) 56... Rd7 57. a4 (57. Rxd7 $142 Qxd7 58. Rd3) 57... Rxd1 {Black is clearly winning.} 58. Bxd1 Nd5 59. Re5 Nc3 60. Bc2 Qxg3 61. f5 {[#]} Nxa4+ $1 {[%mdl 512] Precision: White = 41%, Black = 67%.} 0-1

[Event "12th Agzamov Memorial 2018"]
[Site "Tashkent"]
[Date "2018.04.28"]
[Round "7"]
[White "Kurbonboeva, Sarvinoz"]
[Black "Sattarov, Bobir"]
[Result "1-0"]
[WhiteElo "2219"]
[BlackElo "2396"]
[Annotator "NA"]
[PlyCount "90"]
[EventDate "2018.??.??"]
[EventType "swiss"]
[EventCountry "UZB"]
[SourceTitle "playchess.com"]
[Source "ChessBase"]
[SourceQuality "1"]
[TimeControl "5400+30"]

1. d4 g6 {[%emt 0:04:59]} 2. c4 {[%emt 0:00:25]} Bg7 {[%emt 0:00:07]} 3. e4 {[%emt 0:07:07]} c5 {[%emt 0:02:01]} 4. d5 {[%emt 0:00:23]} d6 {[%emt 0:00:36]} 5. h3 {[%emt 0:02:24]} e5 {[%emt 0:06:12]} 6. Nc3 {[%emt 0:12:12]} Ne7 {[%emt 0:00:20]} 7. h4 {[%emt 0:08:06]} h5 {[%emt 0:04:58]} 8. Be2 {[%emt 0:02:53]} Nd7 {[%emt 0:12:12]} 9. Nf3 {[%emt 0:09:23]} a6 {[%emt 0:05:55]} 10. Ng5 {[%emt 0:03:11]} Nf8 {[%emt 0:05:22]} 11. Be3 {[%emt 0:10:45]} f6 {[%emt 0:07:10]} 12. Nh3 {[%emt 0:00:45]} Bh6 {[%emt 0:02:32]} 13. Bxh6 {[%emt 0:05:39]} Rxh6 {[%emt 0:00:11]} 14. Qd2 {[%emt 0:00:03]} Ng8 {[%emt 0:01:16]} 15. O-O-O {[%emt 0:01:31]} Qa5 {[%emt 0:03:56]} 16. f4 $16 {[%emt 0:01:52]} Bxh3 {[%emt 0:15:29]} 17. Rxh3 {[%emt 0:01:14]} exf4 {[%emt 0:07:32]} 18. Qxf4 {[%emt 0:01:11]} O-O-O {[%emt 0:00:52]} 19. g4 {[%emt 0:05:39]} Kb8 {[%emt 0:06:00]} 20. gxh5 {[%emt 0:05:06]} gxh5 {[%emt 0:00:38]} 21. Rg1 {[%emt 0:07:02]} Ng6 {[%emt 0:01:49]} 22. Qf5 {[%emt 0:09:33]} Ne5 {[%emt 0:09:51]} 23. Rg7 {[%emt 0:01:21]} Rh8 {[%emt 0:01:14]} 24. Nd1 {[%emt 0:02:49]} Nh6 {[%emt 0:00:40]} 25. Qxf6 {[%emt 0:00:22]} Nhg4 {[%emt 0:00:32]} 26. Qg5 {[%emt 0:00:42]} Rc8 {[%emt 0:00:25]} 27. Ra3 {[%emt 0:01:16]} Qd8 {[%emt 0:00:02]} 28. Rb3 {[%emt 0:00:34]} Rc7 {[%emt 0:00:00]} 29. Qxd8+ {[%emt 0:00:30]} Rxd8 {[%emt 0:00:02]} 30. Rg5 {[%emt 0:00:23]} Rh7 {[%emt 0:00:17]} 31. Kd2 {[%emt 0:00:35]} Rf8 {[%emt 0:00:13]} 32. Rf5 {[%emt 0:00:30]} Rxf5 {[%emt 0:01:11]} 33. exf5 {[%emt 0:00:01]} Rf7 {[%emt 0:00:03]} 34. Ne3 {[%emt 0:00:56]} Nxe3 {[%emt 0:00:15]} 35. Kxe3 {[%emt 0:00:20]} Rxf5 {[%emt 0:00:02]} 36. Ke4 {[%emt 0:00:09]} Rf2 {[%emt 0:00:02]} 37. Bxh5 {[%emt 0:00:09]} Rh2 {[%emt 0:00:07]} 38. Kf5 {[%emt 0:00:35]} Rxh4 {[%emt 0:00:04]} 39. Kg5 {[%emt 0:00:05]} Rxc4 {[%emt 0:00:08]} 40. Be2 {[%emt 0:00:18]} Ra4 {[%emt 0:00:10]} 41. a3 {[%emt 0:00:14]} Kc7 {[%emt 0:00:08]} 42. Rh3 {[%emt 0:01:42]} Rd4 {[%emt 0:01:42]} 43. Rh7+ {[%emt 0:00:08]} Kb6 {[%emt 0:00:25]} 44. Bf1 {[%emt 0:00:09]} Rxd5 {[%emt 0:00:33]} 45. Bg2 {[%emt 0:00:12]} Nc6+ 1-0

[Event "12th Agzamov Memorial 2018"]
[Site "Tashkent"]
[Date "2018.04.29"]
[Round "8"]
[White "Korneev, Oleg"]
[Black "Tashkhodzhaev, Akram"]
[Result "1/2-1/2"]
[WhiteElo "2546"]
[BlackElo "2125"]
[Annotator "TA"]
[PlyCount "103"]
[EventDate "2018.??.??"]
[EventType "swiss"]
[EventCountry "UZB"]
[SourceTitle "playchess.com"]
[Source "ChessBase"]
[SourceQuality "1"]

{[%evp 20,103,18,25,37,27,45,39,75,80,145,142,145,168,217,216,207,224,206,169,154,162,169,161,165,153,159,162,161,155,168,162,252,163,234,226,225,227,222,218,218,219,222,220,226,220,234,232,220,225,231,218,240,237,226,228,243,244,239,236,249,233,225,217,272,266,255,0,0,0,0,0,0,0,0,0,0,0,0,0,0,0,0,0,0,0]} 1. e4 e5 2. Nf3 Nc6 3. Bc4 Bc5 4. O-O Nf6 5. d3 d6 6. c3 a6 7. Bb3 Ba7 8. Nbd2 {[%cal Bb1d2,Bd2f1,Bf1e3,Be3g4][%mdl 32]} O-O 9. h3 h6 10. Re1 Be6 11. Nf1 Nh5 {C54: Giuoco Piano: 4 c3 Nf6, main lines with 5 d4 and 5 d3} (11... Re8 12. Be3 Bxe3 13. Nxe3 d5 14. exd5 Nxd5 15. d4 Nxe3 16. fxe3 Bxb3 17. Qxb3 Qd6 18. Rad1 exd4 19. cxd4 Qb4 {½-½ (27) Ponomariov,R (2709)-Mamedyarov,S (2762) Tashkent 2016}) 12. d4 Bxb3 13. axb3 Qf6 $146 {[%cal Re5d4] White is slightly better.} ({Predecessor:} 13... Re8 14. d5 Nb8 15. Be3 Nd7 16. Bxa7 Rxa7 17. b4 Nf4 18. Kh2 g6 19. g3 {1-0 (88) Korneev,O (2578)-Bolourchifard,F (2229) Hamedan 2015}) 14. Ne3 exd4 (14... Rfe8 $142) 15. Nxd4 $16 Bxd4 16. cxd4 Nf4 {[#]} 17. Ng4 $1 {[%cal Rg4f6]} Nxh3+ 18. gxh3 Qxd4 19. Ra4 Qxd1 20. Rxd1 f5 21. exf5 Rxf5 {[#]} 22. Bxh6 $1 {[%mdl 512]} Rb5 (22... gxh6 23. Nxh6+) 23. Bc1 Rxb3 24. Kg2 b5 25. Re4 a5 (25... Rf8 $142 26. Re2 Rf7) 26. Re2 a4 {[#]} (26... Nb4 {was worth a try.} 27. Re7 Rd3 28. Rxd3 Nxd3) 27. Rc2 $1 $18 {[%cal Rc2c6]} Ra6 28. Ne3 {aiming for Nd5.} b4 29. Nd5 a3 30. bxa3 bxa3 {[#]} 31. Bxa3 $1 {[%mdl 512]} Rbxa3 {[#]} (31... Raxa3 32. Rxc6) 32. Rxc6 $1 {[%mdl 512]} Rxc6 {[%mdl 4096] Endgame KRR-KRN} 33. Ne7+ Kf7 34. Nxc6 {KRN-KR} Rc3 35. Nb4 Rc4 36. Nd5 Ke6 37. Kg3 c6 38. Nf4+ Kf5 39. Ng2 {And now Ne3+ would win.} ({Not} 39. Rxd6 Rxf4 40. Rxc6 g5 $14) 39... Ke6 40. Re1+ Kf6 41. Re8 d5 42. Ne3 Rc3 43. Rd8 $2 ({Better is} 43. Kf4 $18) 43... Ke7 $11 {The position is equal.} 44. Rc8 {Strongly threatening Kf4.} d4 45. Kf4 {Black must now prevent Nf5+.} dxe3 46. fxe3 {KR-KR} Kf6 47. h4 g6 48. e4 {[%cal Be3e4,Be4e5][%mdl 32]} Rc1 49. e5+ Ke6 50. Re8+ Kf7 51. Rh8 Ke6 52. Rh6 {Precision: White = 88%, Black = 55%.} 1/2-1/2

[Event "12th Agzamov Memorial 2018"]
[Site "Tashkent"]
[Date "2018.04.29"]
[Round "8"]
[White "Sivuk, Vitaly"]
[Black "Papin, Vasily"]
[Result "1/2-1/2"]
[WhiteElo "2525"]
[BlackElo "2475"]
[Annotator "TA"]
[PlyCount "103"]
[EventDate "2018.??.??"]
[EventType "swiss"]
[EventCountry "UZB"]
[SourceTitle "playchess.com"]
[Source "ChessBase"]
[SourceQuality "1"]

{[%evp 19,103,33,38,30,44,0,0,0,17,0,40,32,61,46,120,104,104,108,113,113,99,70,77,83,91,92,89,0,0,10,56,39,22,18,47,13,0,0,26,34,35,33,31,42,57,64,58,66,50,58,58,49,55,46,64,66,66,54,64,83,85,12,13,14,12,9,26,26,26,26,33,16,16,16,16,16,16,16,16,12,12,11,12,0,5,0]} 1. e4 c5 2. Nf3 e6 3. d4 cxd4 4. Nxd4 Nc6 5. Nc3 a6 6. Nxc6 bxc6 7. Bd3 d5 8. O-O Nf6 9. Qf3 {B46: Sicilian: Taimanov: 5 Nc3 a6} Be7 10. Qg3 Nh5 {LiveBook: 7 Games} (10... O-O 11. Bh6 Ne8 12. Bf4 Bh4 13. Qf3 Bg5 14. Na4 Qf6 15. Bxg5 Qxg5 16. Nb6 Rb8 17. Nxc8 Rxc8 18. Bxa6 {1-0 (33) Kramnik,V (2800)-Andreikin,D (2712) Moscow 2018}) 11. Qg4 {White is slightly better.} g6 $1 12. e5 $146 ({Predecessor:} 12. exd5 cxd5 13. Bh6 Bf8 14. Qd4 Qf6 15. Qa4+ Bd7 16. Bb5 Bxh6 17. Bxd7+ {0-1 (60) Tabatabaei,M (2444)-Grachev,B (2670) Moscow 2015}) 12... f5 13. exf6 Bxf6 14. Bh6 Kf7 15. Qf3 {[#] Hoping for g4.} Kg8 16. Rfe1 Ng7 (16... Rb8 $14) 17. Rad1 Ra7 18. Na4 Rf7 19. Qe3 e5 20. Qc5 Qc7 21. c4 e4 {[#]} 22. Bf1 $1 Nf5 {...Be7 is the strong threat.} 23. cxd5 ({White should play} 23. Bc1 $16) 23... Nxh6 $11 24. d6 Qb7 25. Bc4 {Threatens to win with d7.} Kg7 26. Bxf7 Nxf7 27. Rxe4 (27. Nc3 $5 {[%cal Rc3e4]}) 27... Rd8 28. h3 Qb5 29. Rb4 Qe2 30. Nc3 Qc2 31. Qxc6 a5 32. Rb6 Be5 33. Qe4 Qxe4 34. Nxe4 Bf5 35. Ng3 Be6 {[%cal Re5d6]} 36. d7 Rxd7 37. Rxd7 Bxd7 38. Ne4 Bd4 39. Ra6 $1 a4 40. b3 (40. Nc3 $16) 40... axb3 41. axb3 Kf8 42. b4 {[%cal Bb3b4,Bb4c5][%mdl 32]} Ke7 43. Nc5 Bxc5 44. bxc5 Ne5 45. f3 Nd3 {The position is equal.} 46. Ra5 Ke6 47. Kh2 Kd5 48. Ra8 Nxc5 49. Rh8 h5 50. Rg8 Bf5 51. Kg3 Ne6 52. h4 {Precision: White = 74%, Black = 58%.} 1/2-1/2

[Event "12th Agzamov Memorial 2018"]
[Site "Tashkent"]
[Date "2018.04.29"]
[Round "8"]
[White "Hamitevici, Vladimir"]
[Black "Stupak, Kirill"]
[Result "1/2-1/2"]
[WhiteElo "2508"]
[BlackElo "2556"]
[Annotator "TA"]
[PlyCount "28"]
[EventDate "2018.??.??"]
[EventType "swiss"]
[EventCountry "UZB"]
[SourceTitle "playchess.com"]
[Source "ChessBase"]
[SourceQuality "1"]

{[%evp 26,28,0,0,0]} 1. e4 e5 2. Nf3 Nc6 3. Bb5 a6 4. Bxc6 dxc6 5. O-O Bg4 6. h3 h5 {[%cal Bh7h5,Bh5g4][%mdl 32]} 7. c3 Qd3 8. hxg4 hxg4 9. Nxe5 Bd6 10. Nxd3 Bh2+ 11. Kh1 Bg3+ $146 12. Kg1 Bh2+ 13. Kh1 Bf4+ {C68: Ruy Lopez: Exchange Variation, sidelines} 14. Kg1 {LiveBook: 15 Games} Bh2+ 1/2-1/2